|
|
|
|
| LEADER |
02456nam a2200553 4500 |
| 001 |
on1050163124 |
| 003 |
OCoLC |
| 005 |
20200326101155.0 |
| 006 |
m o d |
| 007 |
cr cnu---unuuu |
| 008 |
180829s2018 mau o 000 0 eng d |
| 040 |
|
|
|a N$T
|b eng
|e rda
|e pn
|c N$T
|d OPELS
|d N$T
|d YDX
|d NLE
|d OCLCF
|d UKMGB
|d VLB
|d OCLCQ
|d GrThAP
|
| 015 |
|
|
|a GBB8H0656
|2 bnb
|
| 016 |
7 |
|
|a 019046344
|2 Uk
|
| 019 |
|
|
|a 1050365145
|a 1050607262
|a 1051177053
|
| 020 |
|
|
|a 9780128139172
|q (electronic bk.)
|
| 020 |
|
|
|a 012813917X
|q (electronic bk.)
|
| 020 |
|
|
|a 9780128139165
|q (print)
|
| 020 |
|
|
|a 0128139161
|
| 035 |
|
|
|a (OCoLC)1050163124
|z (OCoLC)1050365145
|z (OCoLC)1050607262
|z (OCoLC)1051177053
|
| 050 |
|
4 |
|a QH324.2
|
| 072 |
|
7 |
|a NAT
|x 027000
|2 bisacsh
|
| 072 |
|
7 |
|a SCI
|x 008000
|2 bisacsh
|
| 072 |
|
7 |
|a SCI
|x 086000
|2 bisacsh
|
| 072 |
|
7 |
|a PSD
|2 bicssc
|
| 072 |
|
7 |
|a PSF
|2 bicssc
|
| 082 |
0 |
4 |
|a 570.285
|2 23
|
| 245 |
0 |
0 |
|a Computational molecular modelling in structural biology /
|c edited by Tatyana G. Karabencheva-Christova, Christo Z. Christov.
|
| 264 |
|
1 |
|a Cambridge, MA :
|b Academic Press is an imprint of Elsevier,
|c 2018.
|
| 264 |
|
4 |
|c Ã2018
|
| 300 |
|
|
|a 1 online resource
|
| 336 |
|
|
|a text
|b txt
|2 rdacontent
|
| 337 |
|
|
|a computer
|b c
|2 rdamedia
|
| 338 |
|
|
|a online resource
|b cr
|2 rdacarrier
|
| 490 |
1 |
|
|a Advances in protein chemistry and structural biology ;
|v volume 113
|
| 588 |
0 |
|
|a Online resource; title from PDF title page (ScienceDirect, viewed August 29, 2018).
|
| 650 |
|
0 |
|a Computational biology.
|
| 650 |
|
0 |
|a Molecular biology
|x Computer simulation.
|
| 650 |
|
7 |
|a NATURE
|x Reference.
|2 bisacsh
|
| 650 |
|
7 |
|a SCIENCE
|x Life Sciences
|x Biology.
|2 bisacsh
|
| 650 |
|
7 |
|a SCIENCE
|x Life Sciences
|x General.
|2 bisacsh
|
| 650 |
|
7 |
|a Computational biology.
|2 fast
|0 (OCoLC)fst00871990
|
| 650 |
|
7 |
|a Molecular biology
|x Computer simulation.
|2 fast
|0 (OCoLC)fst01024737
|
| 655 |
|
4 |
|a Electronic books.
|
| 700 |
1 |
|
|a Karabencheva-Christova, Tatyana,
|e editor.
|
| 700 |
1 |
|
|a Christov, Christo
|c (Senior lecturer in computational biochemistry),
|e editor.
|
| 776 |
0 |
8 |
|i Print version:
|t Computational molecular modelling in structural biology.
|d Cambridge, MA : Academic Press is an imprint of Elsevier, 2018
|z 0128139161
|z 9780128139165
|w (OCoLC)1022776163
|
| 830 |
|
0 |
|a Advances in protein chemistry and structural biology ;
|v v. 113.
|
| 856 |
4 |
0 |
|3 ScienceDirect
|u https://www.sciencedirect.com/science/bookseries/18761623/113
|z Full Text via HEAL-Link
|